书目信息 |
| 题名: |
中国现代喜剧史论
|
|
| 作者: | 张健 著 | |
| 分册: | ||
| 出版信息: | 北京 北京大学出版社 2006 |
|
| 页数: | 430页 | |
| 开本: | 23cm | |
| 丛书名: | 励耘文库 | |
| 单 册: | ||
| 中图分类: | I207.309 , J809.2 | |
| 科图分类: | ||
| 主题词: | 喜剧--戏剧史--研究--中国--现代 , 喜剧--文学史--研究--中国--现代 , 喜剧 , 戏剧史 , 文学史 | |
| 电子资源: | ||
| ISBN: | 7-301-10722-6 | |
| 000 | 01260oam2 2200325 450 | |
| 001 | 012007310578 | |
| 005 | 20070522164044.76 | |
| 010 | @a7-301-10722-6@dCNY35.00 | |
| 100 | @a20070515d2006 km y0chiy0120 ea | |
| 101 | 0 | @achi |
| 102 | @aCN@b110000 | |
| 105 | @ay z 000yy | |
| 106 | @ar | |
| 200 | 1 | @a中国现代喜剧史论@Azhong guo xian dai xi ju shi lun@f张健著@Fzhang jian zhu |
| 210 | @a北京@c北京大学出版社@d2006 | |
| 215 | @a430页@d23cm | |
| 225 | 2 | @a励耘文库 |
| 300 | @a教育部人文社会科学基金项目 | |
| 330 | @a本书正文分观念篇、幽默篇、讽刺篇、作家篇、总论篇五个部分:第一部分是对中国现代喜剧观念的整体性思考;第二部分着重考察中国现代幽默喜剧的机智化、世态化和英雄化问题;第三部分着重研究中国现代讽刺喜剧在寓言型的伦理讽刺、写实型的社会讽刺与复合型的政治讽刺三个阶段的历史特点;第四部分是对丁西林、李健吾、陈白尘等代表性作家喜剧创作的个案分析;第五部分探讨的是中国现代喜剧的总体特征、意义和成就。 | |
| 461 | 0 | @12001 @a励耘文库 |
| 606 | 0 | @a喜剧@x戏剧史@x研究@y中国@z现代 |
| 606 | 0 | @a喜剧@x文学史@x研究@y中国@z现代 |
| 606 | 0 | @a喜剧 |
| 606 | 0 | @a戏剧史 |
| 606 | 0 | @a文学史 |
| 690 | @aI207.309@v4 | |
| 690 | @aJ809.2@v4 | |
| 701 | 0 | @a张健@Azhang jian@f(1949~)@4著 |
| 801 | 0 | @aCN@bRULIN@c20070522 |
| 905 | @dI207.309@e106@s8 | |
| 中国现代喜剧史论/张健著.-北京:北京大学出版社,2006 |
| 430页;23cm.-(励耘文库) |
| 教育部人文社会科学基金项目 |
| ISBN 7-301-10722-6:CNY35.00 |
| 本书正文分观念篇、幽默篇、讽刺篇、作家篇、总论篇五个部分:第一部分是对中国现代喜剧观念的整体性思考;第二部分着重考察中国现代幽默喜剧的机智化、世态化和英雄化问题;第三部分着重研究中国现代讽刺喜剧在寓言型的伦理讽刺、写实型的社会讽刺与复合型的政治讽刺三个阶段的历史特点;第四部分是对丁西林、李健吾、陈白尘等代表性作家喜剧创作的个案分析;第五部分探讨的是中国现代喜剧的总体特征、意义和成就。 |
| ● |
| 相关链接 |
|
|
|
|
正题名:中国现代喜剧史论
索取号:I207.309/106
 
预约/预借
| 序号 | 登录号 | 条形码 | 馆藏地/架位号 | 状态 | 备注 |
| 1 | 0579197 | 205791972 | 第一样本阅览室/ [索取号:I207.309/106] | 在馆 | |
| 2 | 0579198 | 205791981 | 第二借阅区/ [索取号:I207.309/106] | 在馆 | |
| 3 | 0579199 | 205791990 | 第二借阅区/ [索取号:I207.309/106] | 在馆 | |
| 4 | 0579200 | 205792007 | 第二借阅区/ [索取号:I207.309/106] | 在馆 | |
| 5 | 0579201 | 205792016 | 第二借阅区/ [索取号:I207.309/106] | 在馆 | |
| 6 | 0579202 | 205792025 | 第二借阅区/ [索取号:I207.309/106] | 在馆 | |
| 7 | 0579203 | 205792034 | 第二借阅区/ [索取号:I207.309/106] | 在馆 | |
| 8 | 0579204 | 205792043 | 第二借阅区/ [索取号:I207.309/106] | 在馆 |